The Compact History Of The Catholic Church (Record no. 20601)

MARC details
000 -LEADER
fixed length control field 00308nam a22001337a 4500
020 ## - INTERNATIONAL STANDARD BOOK NUMBER
ISBN 81-7109-005-2
082 ## - DEWEY DECIMAL CLASSIFICATION NUMBER
Classification number 270 SCH
100 ## - MAIN ENTRY--AUTHOR NAME
Author name Schreck, Alan
245 ## - TITLE STATEMENT
Title The Compact History Of The Catholic Church
260 ## - PUBLICATION, DISTRIBUTION, ETC. (IMPRINT)
Place of publication Mumbai
Name of publisher St. Pauls
Year of publication 1987
300 ## - PHYSICAL DESCRIPTION
Number of Pages 191
650 ## - SUBJECT ADDED ENTRY--TOPICAL TERM
Topical Term Church-History
942 ## - ADDED ENTRY ELEMENTS (KOHA)
Koha item type Books
Holdings
Home library Current library Shelving location Date acquired Source of acquisition Cost, normal purchase price Full call number Accession Number Koha item type
Henry Martyn Institute Library Henry Martyn Institute Library General stacks 08/24/2017 Pauline Book and Media Centre, Sec'bad 100.00 270 SCH 25342 Books
                   Copyright © 2026 | Henry Martyn Institute | Hyderabad | TS-500052 | INDIA | Implemented by hmi.edu.in
Hit-Count:

Powered by Koha